| 000 | 00815nam a2200193Ii 4500 | ||
|---|---|---|---|
| 003 | JO-AjNU | ||
| 008 | 230605s9999||||xx |||||||||||||| ||und|| | ||
| 040 |
_aJO-AjNU _bara _erda _cJO-AjNU |
||
| 041 | _aara | ||
| 050 | 1 | 4 | _aBP173.758 2011 |
| 100 | 3 |
_aإعداد: الأبجي، كوثر, _eauthor _934399 |
|
| 245 | 0 | 0 | _aالاعجاز التشريعي في تحريم الربا : دراسة تطبيقية على الأزمة المالية العالمية |
| 264 | 3 | 1 | _aالقاهرة: المنظمة العربية للتنمية الادارية، 2011 |
| 300 |
_a173ص _bملاحق البحث ص 139-162 ؛ المراجع ص 165-137 |
||
| 336 |
_atext _btxt _2rdacontent |
||
| 337 |
_aunmediated _bn _2rdamedia |
||
| 338 |
_avolume _bnc _2rdacarrier |
||
| 650 | 4 |
_aالربا- تشريع اسلامي _934400 |
|
| 999 |
_aA14101 _c17669 _d17669 |
||